Монголын түүхийн эрт эдүгээх 33 төрийн зүтгэлтэн (Бичлэгийн дугаар. 1133028)

MARC дэлгэрэнгүй
000 -Удирдлага
Ном зүйн бүртгэл тоо буюу кодлох утгыг агуулсан 01082nam a22002777a 4500
008 - ЕРӨНХИЙ МЭДЭЭЛЭЛ-ЭЛЕМЕНТҮҮДИЙН ӨГӨГДЛИЙН УРТ
fixed length control field 240821b mp ||||| |||| 00| 0 mon d
020 ## - ОЛОН УЛСЫН СТАНДАРТ НОМЫН ДУГААР-ISBN
Олон Улсын Стандарт Номын Дугаар 978-99962-2-179-8
035 ## - СИСТЕМИЙН ХЯНАЛТЫН ДУГААР
Системийн хяналтын дугаар 7733
040 ## - ЭХ СУРВАЛЖИЙГ ТОДОРХОЙЛОН БИЧИХ
Анхны каталогийн байгууллага DXO45059
Каталогийн хэл Монгол
Бичлэг хийж нэвтрүүлэх байгууллага MN-UlNLM
Өөрчлүүлэх байгууллага MN-UlNLM
Бичиглэлийн тодорхойлолт rda
041 ## - ХЭЛНИЙ КОД
Текстийн хэлний код/фонограм буюу салангид гарчиг Монгол
082 ## - ДЬЮИ АРАВТЫН АНГИЛЛЫН ДУГААР
Дьюигийн аравтын ангилал 10-t
Classification number 923.1 517
Item number H.322
100 ## - ЗОХИОГЧИЙН ХЭСЭГ
Зохиогчийн нэр Насанбат Ш.
245 #0 - ҮНДСЭН ГАРЧИГ
Гарчиг Монголын түүхийн эрт эдүгээх 33 төрийн зүтгэлтэн
245 #0 - ҮНДСЭН ГАРЧИГ
Гарчигт хамааралтай мэдээ 0
245 #0 - ҮНДСЭН ГАРЧИГ
Оролцогчдын тухай мэдээ /Ред.Д.Баярсайхан
250 ## - ХЭВЛЭЛТИЙН ТУХАЙ МЭДЭЭ
Дахин хэвлэлтийн мэдээ 1
264 ## - ГАРАЛТЫН МЭДЭЭ
Хэвлэгдсэн газар УБ
Бүтээгч, хэвлэгч, түгээгч, үйлдвэрлэгчийн нэр Соёмбо принтинг
Хэвлэгдсэн он 2017
300 ## - ТООНЫ МЭДЭЭ
Хуудасны тоо 168х.
336 ## - АГУУЛГЫН ТӨРӨЛ
Нөөц rdacontent
Агуулгын төрлийн нөхцөл text
Агуулгын төрлийн код txt
337 ## - MEDIA TYPE
Эх сурвалж rdamedia
Файлын төрөл unmediated
Файлын код n
338 ## - CARRIER TYPE
Source rdacarrier
Carrier type term volume
Carrier type code nc
505 ## - FORMATTED CONTENTS NOTE
Title монголын түүхийн эрт эдүгээх 33 төрийн зүтгэлтэн; тал нутгийн эрэмгий баатар; тоба улс; хаан төрийнхөө хана түшиг болсон цагадай; эзэнт гүрний ерөнхий сайд
650 ## - Сэдэв
Сэдэв 11150
942 ## - ЭЛЕМЕНТИЙН ТӨРӨЛ
Анги Аравтын ангилал
Төрөл Ном
Захиалгууд
Буцаан татагдсан төлөв Хасагдсан шалтгаан Гэмтсэн төлөв Данс заагч Захиалах боломжгүй Үндсэн номын сан Одоогийн байршил Салбар танхим Салбар танхим Бүртгэсэн огноо Тавиурын заалт Баркод Үнэ Хамгийн сүүлд байсан огноо Нийт уншлаганд гарсан тоо Дансны дугаар Төрөл
          Дархан Уул ХНО Дархан Уул ХНО Дархан ХНО | Бусад хэлний материал Дархан ХНО | Бусад хэлний материал 2024-08-22 923.1 517 H.322 DXO4510011150 12000.00 2024-08-22   10011150 Ном